| 000 | 00450nam a2200157Ia 4500 | ||
|---|---|---|---|
| 999 |
_c36632 _d36632 |
||
| 003 | OSt | ||
| 005 | 20210122122220.0 | ||
| 008 | 190216s9999||||xx |||||||||||||| ||und|| | ||
| 040 | _coclc | ||
| 082 |
_a330 _bSET/O |
||
| 100 |
_aSeth, K L _98367 |
||
| 245 | 0 |
_aObjective Economics For Civil Services Exams / _cK L Seth |
|
| 260 |
_bBright Careers, _c2001. _aDelhi: |
||
| 300 | _a819p | ||
| 942 |
_cREF _2ddc _h330 _iSET/O _k330 _mSET/O |
||